Financiación y fiscalidad locales en América Latina / Clemente Ruiz Durán
Publicado:
Barcelona :
Diputación de Barcelona. Oficina de Coordinación y Orientación del Programa URB-AL III, Dirección de Comunicación ,
2011
Descripción Física:
157 p. : taules, gràf. ; 29 cm
MARC
| LEADER | 00000nam a2200000Ia 4500 | ||
|---|---|---|---|
| 001 | 23391 | ||
| 008 | 160829s2011 xx 000 0 cat d | ||
| 080 | |a M-6-424 | ||
| 100 | |a Ruiz Durán, Clemente |9 43659 | ||
| 245 | |a Financiación y fiscalidad locales en América Latina / Clemente Ruiz Durán | ||
| 260 | |a Barcelona : |b Diputación de Barcelona. Oficina de Coordinación y Orientación del Programa URB-AL III, Dirección de Comunicación, |c 2011 | ||
| 300 | |a 157 p. : |b taules, gràf. ; |c 29 cm | ||
| 490 | |a Colección de estudios sobre políticas públicas locales y regionales de cohesión social ; 2 | ||
| 590 | |a Bibliografia | ||
| 650 | 0 | |a Finances públiques |9 24447 | |
| 650 | 0 | |a Integració social |x Amèrica Llatina |9 47892 | |
| 650 | 0 | |a Integració social |z Unió Europea |9 3286 | |
| 710 | |a Barcelona (Catalunya : Província). |b Direcció de Comunicació |9 53855 | ||
| 710 | 2 | |a Oficina de Coordinación y Orientación Urb-al III |9 54876 | |
| 901 | |a Arxiu | ||
| 942 | |n 1 | ||
| 952 | |0 0 |1 0 |4 0 |6 M6424 |7 1 |9 51555 |a Arxiu |b Arxiu |d 2012-02-14 |l 0 |o M-6-424 |p 23391 |r 2016-12-01 00:00:00 |w 2016-12-01 |y ARXIU | ||
| 999 | |c 55400 |d 55400 | ||